| 000 | 00372nam a22001457a 4500 | ||
|---|---|---|---|
| 082 | _aBEE-5 AAM | ||
| 100 |
_aM. Aamir Hastam _992876 |
||
| 245 | _aPower Ball | ||
| 260 |
_aIslamabad _bNUST SEECS _c2013 |
||
| 300 | _a31p. : | ||
| 500 | _aSupervisor : Dr. Usman Younis | ||
| 563 | _aHB | ||
| 856 | _uhttp://10.250.8.41:8080/xmlui/handle/123456789/10841 | ||
| 942 |
_cPR _2ddc |
||
| 999 |
_c12776 _d12776 |
||